Culture and Business in Asia
Ebook from Proquest
Gorde:
| Egile nagusia: | |
|---|---|
| Beste egile batzuk: | |
| Formatua: | Liburua |
| Hizkuntza: | Undetermined |
| Argitaratua: |
Palgrave Macmillan
2009
|
| Gaiak: | |
| Sarrera elektronikoa: | http://lrc.tdmu.edu.vn/opac/search/detail.asp?aID=2&ID=39059 |
| Etiketak: |
Etiketa erantsi
Etiketarik gabe, Izan zaitez lehena erregistro honi etiketa jartzen!
|
| Thư viện lưu trữ: | Trung tâm Học liệu Trường Đại học Thủ Dầu Một |
|---|
| LEADER | 00674nam a2200193Ia 4500 | ||
|---|---|---|---|
| 001 | TDMU_39059 | ||
| 008 | 210410s9999 xx 000 0 und d | ||
| 082 | |a 572.8 | ||
| 100 | |a Guirdham, Maureen | ||
| 245 | 0 | |a Culture and Business in Asia | |
| 245 | 0 | |c Maureen Guirdham | |
| 260 | |b Palgrave Macmillan | ||
| 260 | |c 2009 | ||
| 300 | |a 388Pages | ||
| 520 | |a Ebook from Proquest | ||
| 650 | |a Business culture; Business Etiquette; Doanh nghiệp |x Kinh doanh |x Văn hóa; Văn hóa kinh doanh | ||
| 700 | |a Wierzbicka, Anna | ||
| 856 | |u http://lrc.tdmu.edu.vn/opac/search/detail.asp?aID=2&ID=39059 | ||
| 980 | |a Trung tâm Học liệu Trường Đại học Thủ Dầu Một | ||